[Event "FRA-ch op-B"]
[Site "Agen"]
[Date "2016.??.??"]
[Round "4"]
[White "Boyer, Mahel"]
[Black "Mars, Theo"]
[Result "1-0"]
[WhiteElo "1706"]
[BlackElo "1632"]
[PlyCount "160"]
[EventDate "2016.08.12"]
[EventType "swiss"]
[EventRounds "9"]
[EventCountry "FRA"]
[SourceTitle "EXT 2017"]
[Source "ChessBase"]
[SourceDate "2016.10.25"]
[SourceVersion "1"]
[SourceVersionDate "2016.10.25"]
[SourceQuality "1"]

1. d4 d5 2. c4 c6 3. cxd5 cxd5 4. Bf4 Nc6 5. e3 Nf6 6. Nc3 e6 7. Bd3 Be7 8. Nf3 0-0 9. h3 a6 10. Rc1 Bd7 11. 0-0 Rc8 12. Na4 Nb4 13. Rxc8 Qxc8 14. Nb6 Qc6 15. Nxd7 Nxd7 16. Bb1 Qc8 17. a3 Nc6 18. Qd3 g6 19. h4 Nb6 20. h5 Nc4 21. Qe2 Bf6 22. Ng5 e5 23. dxe5 N6xe5 24. Rd1 Nxb2 25. Rxd5 Nbc4 26. hxg6 hxg6 27. Ne4 Bg7 28. Rc5 Qd8 29. Rxc4 Nxc4 30. Qxc4 Qd1+ 31. Qf1 Rd8 32. Ba2 Qc2 33. Bb1 Qb3 34. Bd6 Bf8 35. Nc5 Qb6 36. Bxf8 Kxf8 37. Nd3 Qb3 38. g3 Qxa3 39. Kg2 b5 40. Ne5 Kg7 41. Bc2 Qd6 42. Ng4 Qc6+ 43. e4 Qxc2 44. Qa1+ Kf8 45. Qh8+ Ke7 46. Qf6+ Ke8 47. Qh8+ Kd7 48. Qe5 Qc4 49. Nf6+ Kc8 50. Nd5 Rxd5 51. exd5 Qc7 52. d6 Qd7 53. Qc5+ Kb7 54. f3 Qc6 55. Qe5 Qc2+ 56. Kg1 Qb1+ 57. Kg2 Qa2+ 58. Kg1 Qe6 59. Qc5 Qc4 60. Qe5 Kc6 61. Kg2 Qc2+ 62. Kf1 Qd1+ 63. Kg2 Qxd6 64. Qe8+ Qd7 65. Qa8+ Qb7 66. Qe8+ Kb6 67. Qe3+ Ka5 68. Qa3+ Kb6 69. Qe3+ Kc7 70. Qe7+ Kb8 71. Qe8+ Qc8 72. Qe5+ Kb7 73. Qd5+ Kb6 74. Qxf7 Qc2+ 75. Kg1 Qb1+ 76. Kg2 b4 77. Qe6+ Kb5 78. Qd5+ Ka4 79. Qc6+ Kb3 80. Qxa6 Qc2+ 1-0

[Event "FRA-ch op-B"]
[Site "Agen"]
[Date "2016.??.??"]
[Round "6"]
[White "Guazzelli, Jean Baptiste"]
[Black "Mars, Theo"]
[Result "1-0"]
[WhiteElo "1730"]
[BlackElo "1632"]
[PlyCount "107"]
[EventDate "2016.08.12"]
[EventType "swiss"]
[EventRounds "9"]
[EventCountry "FRA"]
[SourceTitle "EXT 2017"]
[Source "ChessBase"]
[SourceDate "2016.10.25"]
[SourceVersion "1"]
[SourceVersionDate "2016.10.25"]
[SourceQuality "1"]

1. e4 c6 2. Nf3 d5 3. Nc3 Bg4 4. Be2 Bxf3 5. Bxf3 e6 6. d4 Nf6 7. 0-0 Be7 8. g3 0-0 9. Bg2 h6 10. e5 Nfd7 11. Qg4 Kh8 12. f4 c5 13. f5 cxd4 14. Bxh6 gxh6 15. f6 Nxf6 16. exf6 Bxf6 17. Ne2 Nc6 18. Qh5 Kg7 19. h4 Qe7 20. Rae1 d3 21. cxd3 Bxb2 22. Kh1 Qd7 23. Bh3 Qc7 24. g4 Qe7 25. Rg1 Rh8 26. Nf4 Qf6 27. Rgf1 Qg6 28. Nxg6 fxg6 29. Rxe6 gxh5 30. gxh5 Rhf8 31. Rg6+ Kh7 32. Rb1 Ne5 33. Rxb2 Nxg6 34. Rxb7+ Kh8 35. hxg6 Rf6 36. h5 Re8 37. Bg2 Re1+ 38. Kh2 Re2 39. Kh3 Re3+ 40. Kg4 Rxd3 41. Rh7+ Kg8 42. Rxh6 Rd4+ 43. Kg5 Rf2 44. Bh3 Re4 45. Rh7 Re5+ 46. Kh6 Rf6 47. Rxa7 d4 48. Rd7 Rf4 49. Rd8+ Rf8 50. Rxd4 Rf6 51. Rd8+ Rf8 52. Rd6 Re7 53. Be6+ Kh8 54. Bf7 1-0